00278 a2200133 4500260001100000245004200011300001000053260001000063260000900073300002400082130000700106100001800113020001300131 bVecchi aLes Lapins nains : élevage et soins a125p. aParis c1983 bCouv. ill. en coul. lFr aKELLER, Julie a2-7328-0